000 00796nam a2200229Ii 4500
003 JO-AjNU
008 230605s9999||||xx |||||||||||||| ||und||
017 _a2007/7/2143
020 _a978-9957-24-297-8
040 _aJO-AjNU
_bara
_erda
_cJO-AjNU
041 _aara
050 1 4 _aBF636.6.K43.2008
100 3 _aالخالدي،عطا الله فؤاد,
_eauthor
_930932
245 0 0 _aإرشاد المجموعات الخاصة
250 _aط1
264 3 1 _aعمان:دار صفاء للنشر والتوزيع ، 2008
300 _a414ص
336 _atext
_btxt
_2rdacontent
337 _aunmediated
_bn
_2rdamedia
338 _avolume
_bnc
_2rdacarrier
650 4 _aالخدمات الاجتماعية-المشاكل الاجتماعية-الاسرة-رعاية الطفولة
_930933
999 _aA12317
_c15885
_d15885